NBA All-Nba players - Statistics

General Stats
  • This quiz has been taken 46 times
  • The average score is 31 of 44
Answer Stats
amount of selections players % Correct
21 lebron james
95%
11 Stephen Curry
95%
8 James Harden
88%
11 Kevin Durant
85%
7 Nikola Jokić
83%
5 Jayson Tatum
80%
5 Joel Embiid
80%
5 Luka Dončić
80%
3 Shai Gilgeous-Alexander
80%
5 Anthony Davis
78%
2 Draymond Green
78%
9 Giannis Antetokounmpo
78%
2 Klay Thompson
78%
11 Chris Paul
76%
2 Domantas Sabonis
76%
1 Jaylen Brown
76%
6 Kawhi Leonard
76%
9 Russell Westbrook
76%
2 Anthony Edwards
73%
3 DeMar DeRozan
73%
2 Donovan Mitchell
73%
2 Jalen Brunson
73%
1 Jalen Williams
73%
5 Jimmy Butler
73%
3 Kyrie Irving
73%
2 Pascal Siakam
73%
6 Paul George
73%
3 Karl-Anthony Towns
71%
1 Kyle Lowry
71%
1 Trae Young
71%
2 Tyrese Haliburton
71%
7 Damian Lillard
68%
1 De’Aaron Fox
68%
2 Devin Booker
68%
1 Ja Morant
66%
2 Julius Randle
66%
4 Rudy Gobert
66%
1 Bradley Beal
63%
1 Cade Cunningham
59%
1 Evan Mobley
49%
2 Kevin Love
49%
5 Al Horford
39%
1 Ben Simmons
34%
1 Victor Oladipo
17%
No matching quizzes found
Score Distribution
Percent of People with Each Score
Percentile by Number Answered
Your Score History
You have not taken this quiz